000 00343nab a22001097u 4500
008 130520b2007 xxu||||| |||| 00| 0 spa d
041 _aspa
100 1 _aRaheb, Mitri
_976643
245 0 0 _aTierra, pueblos e identidades: una perspectiva palestina
_cMitri Raheb
773 0 _tConcilium
_gnº320,2007,págs. 69-78
_x0210-1041
_wRev134
942 _cAR
999 _c380921
_d380921